| 000 | 01060nam a2200253 u 4500 | ||
|---|---|---|---|
| 001 | 000573444 | ||
| 003 | AM-YeHGA | ||
| 005 | 20250617140903.0 | ||
| 008 | 080325s1913 ||| r 000 0 arm d | ||
| 040 | _aAM-YeHGA | ||
| 041 | 0 | _aarm | |
| 100 | 0 |
_aՄարգար, _d1880-1944 |
|
| 245 | 1 | 0 |
_aՎէպիկներ / _cՄարգար; Թերուս կնոջ խոստովանանքը / Տ. Նատալեա Աթայեանի. |
| 260 |
_aԹիֆլիզ : _bտպ. Ն. Աղանեանի, _c1913. |
||
| 300 | _a106, 55 էջ. | ||
| 440 | 0 |
_aԿովկասի հայոց հրատարակչական ընկերութիւն _v18 |
|
| 440 | 0 |
_aԿովկասի հայոց հրատարակչական ընկերութիւն _v19 |
|
| 440 | 0 | _aՀանրային մատենադարան | |
| 505 | 0 | _aՔեռին, Նամակ, Բուքը, Կայէնը; Թերուս կնոջ խոստովանանքը | |
| 650 | 1 | 4 |
_aՀայ գրականություն _xՎիպակ |
| 700 | 1 | _aԱթայեան, Նատալեա Տ | |
| 740 | 0 | 2 | _aԹերուս կնոջ խոստովանանքը |
| 090 | _c230165 | ||
| 999 |
_c228619 _d228619 |
||